Formule 1: Les coéquipiers de Nico Hülkenberg - Statistiques

Statistiques générales
  • Ce quiz a été pris 424 fois
    258 depuis la dernière actualisation
  • Le résultat moyen est 7 sur 11
Statistiques - réponses
Ecurie Saison Pilote % Correct
Haas 2023-2024 Kevin Magnussen
97%
Racing Point/ Aston Martin 2020-2022 Lance Stroll
94%
Force India [2014-2016] Sergio Perez
90%
Audi 2025-2026 Gabriel Bortoleto
89%
Renault 2019 Daniel Ricciardo
88%
Haas 2024 Oliver Bearman
85%
Renault 2017-2018 Carlos Sainz
76%
Renault 2017 Jolyon Palmer
41%
Williams 2010 Rubens Barrichello
27%
Force India 2012 Paul Di Resta
26%
Sauber 2013 Esteban Gutiérrez
21%
Aucun quiz correspondant
Distribution des résultats
% des personnes avec chaque résultat
Percentile par nombre de réponses
Votre historique - résultats
Vous n’avez pas pris ce quiz depuis la dernière actualisation